Statistiken für Länder nach Flaggen erraten (cursed)

Klicken Sie hier um das Quiz zu spielen!

Allgemein

  • Dieses Quiz wurde 221 mal gespielt
  • Das Durchschnittsergebnis liegt bei 22 aus 24

Antwortstatistiken

Antwort% Korrekt
Griechenland
98%
Japan
98%
Brasilien
97%
Türkei
97%
Kanada
96%
Südkorea
96%
Australien
95%
China
95%
Frankreich
95%
Indien
95%
Norwegen
95%
Italien
94%
Deutschland
93%
Finnland
93%
Schweden
93%
Südafrika
93%
Tschechien
93%
Russland
92%
Marokko
91%
Belgien
90%
Neuseeland
90%
Algerien
87%
Kasachstan
87%
Kenia
81%

Verteilung der Resultate

Perzentil nach korrekt beantworteten Fragen

Anzahl Personen mit jedem Resultat

Ihre Resultats-Entwicklung

Sie haben dieses Quiz noch nicht gespielt